| 000 | 02077nac a22003131u 4500 | ||
|---|---|---|---|
| 003 | EG-ScBUE | ||
| 005 | 20220919095927.0 | ||
| 008 | 080806s2006 enkab f b 001 0 eng d | ||
| 020 | _a0415341426 (pbk. : alk. paper) | ||
| 020 | _a9780415341424 | ||
| 040 |
_aEG-ScBUE _beng _erda _cEG-ScBUE _dEG-ScBUE |
||
| 082 | 0 | 4 |
_a720.47 _bSAS _222 |
| 100 | 1 |
_aSassi, Paola, _d1964- _eauthor. |
|
| 245 | 1 | 0 |
_aStrategies for sustainable architecture / _cPaola Sassi. |
| 264 |
_aAbingdon, Oxon ; _aNew York, NY : _bTaylor & Francis, _c2006. |
||
| 300 |
_a306 pages : _billustrations, maps ; _c28 cm |
||
| 336 |
_2rdacontent _atext _btxt |
||
| 337 |
_2rdamedia _aunmediated _bn |
||
| 338 |
_2rdacarrier _avolume _bnc |
||
| 504 | _aIncludes bibliographical references and index. | ||
| 505 | 0 | _aIntroduction -- The site and ecology -- Compact cities -- Reducing transport impacts -- In harmony with nature -- Local food production -- Community and culture -- Community participation -- Housing for all -- Training and employment -- Spaces for the community -- Promoting sustainability -- Health and well-being -- Comfort -- Insensible agents of disease -- Independence and identity -- Restorative environments -- Materials -- Design for longevity -- Waste as a resource -- Avoiding resources depletion -- Minimising manufacturing impacts -- Materials and energy -- Waste minimisation -- Energy -- Minimising energy needs -- Maximising efficiently -- 'Green' energy sources -- Water -- Minimising need and maximising efficiency -- Alternative water sources -- Reducing the use of main drains -- Postscript -- Appendix 1 -- Projects overview -- Appendix 2 -- Location maps -- Appendix 3 -- Climate -- References and bibliography -- Index. | |
| 650 | 7 |
_aSustainable architecture. _2BUEsh |
|
| 651 | _2BUEsh | ||
| 653 | _bENGARC | ||
| 655 |
_vReading book _934232 |
||
| 856 | 4 | 1 |
_3Table of contents only _uhttp://www.loc.gov/catdir/toc/ecip0513/2005015292.html |
| 856 | 4 | 1 |
_3Publisher description _uhttp://www.loc.gov/catdir/enhancements/fy0654/2005015292-d.html |
| 942 |
_cBB _2ddc |
||
| 999 |
_c2250 _d2250 |
||